| 000 | 00637cam a2200229 i 4500 | ||
|---|---|---|---|
| 001 | 1354484 | ||
| 005 | 20180130035720.0 | ||
| 008 | 800527s1981 paua b 001 0 eng | ||
| 010 | _a 80017454 | ||
| 020 | _a0812106830 | ||
| 040 |
_aDLC _cDLC _dDLC |
||
| 041 | _aeng | ||
| 060 | _aQV38 S655d | ||
| 080 | _a615.781 | ||
| 082 | 0 | 0 | _a615.781 SMI |
| 100 | _a6 | ||
| 101 | _aANE | ||
| 245 | 0 | 0 |
_aDrug interactions in anesthesia / _c[edited by] N. Ty Smith, Ronald D. Miller, Aldo N. Corbascio. |
| 504 | _aIncludes bibliographical references and index. | ||
| 906 |
_a7 _bcbc _corignew _d1 _eocip _f19 _gy-gencatlg |
||
| 942 |
_2ddc _cBK |
||
| 999 |
_c41239 _d41239 |
||